000 01025caa a22002292a 4500
001 014062
003 AR-FADEU
008 311216n########xxu####################dd
092 _a822.914
_bW511t
100 _aWesker, Arnold
245 _aRoots
300 _aPP.79-150
500 _aEn: The wesker trilogy / Arnold Wesker. Harmondsworth : Penguin Books, 1969
650 _aLITERATURA INGLESA-SIGLO XX; TEATRO/REVISADO/
546 _ainglés
942 _cBDGR
773 0 _019823
_919716
_aWesker, Arnold
_b
_dHarmondsworth
_o04579
_tThe wesker trilogy
_w( AR-FADEU) 014059
_x
_z
773 0 _019823
_919717
_aWesker, Arnold
_b
_dHarmondsworth
_o06278
_tThe wesker trilogy
_w( AR-FADEU) 014059
_x
_z
773 0 _019823
_919718
_aWesker, Arnold
_b
_dHarmondsworth
_o01605
_tThe wesker trilogy
_w( AR-FADEU) 014059
_x
_z
773 0 _019832
_919725
_aWesker, Arnold
_b
_dHarmondsworth
_o04585
_tTrilogía :
_w( AR-FADEU) 014068
_x
_z
773 0 _025679
_924998
_aWesker, Arnold
_b
_dHarmondsworth
_o05280
_tThree plays
_w( AR-FADEU) 019954
_x
_z
999 _c19826
_d19826